| 000 | 00764nam a2200217Ia 4500 | ||
|---|---|---|---|
| 003 | GCL | ||
| 008 | 140319s9999 xx 000 0 ara d | ||
| 040 |
_aGCL / _cGCL |
||
| 082 | 0 | 4 |
_a910.3 _bا ب |
| 100 | 1 | _aالقاضى اسماعيل بن على الاكوع | |
| 245 | 1 | 0 |
_aالبلدان اليمانية : _bعند ياقوت الحموى / _cالقاضى اسماعيل بن على الاكوع |
| 250 | _aالثانية | ||
| 260 |
_aبيروت : _bمؤسسة الرسالة ، _c1988 |
||
| 300 |
_a335 ص ؛ _c24 سم |
||
| 650 | 0 | 4 | _aالعالم العربى |
| 650 | 0 | 4 | _aاليمن |
| 650 | 0 | 4 | _aالبلدان العربية |
| 650 | 0 | 4 | _aالبلدان - معاجم |
| 650 | 0 | 4 | _aالبلدان اليمنية - معاجم |
| 942 |
_2ddc _cBK |
||
| 999 |
_c5804 _d5804 |
||